| 000 | 01794cam a22002054a 4500 | ||
|---|---|---|---|
| 005 | 20250605163943.0 | ||
| 008 | 250528s ||||||||||||||||||||||||d | ||
| 035 | _a15109 | ||
| 020 | _a390970964 | ||
| 040 |
_aGR-AtMCL _bgre _dGR-AtMCL _eAACR2 |
||
| 245 | 1 | _aManagement | |
| 260 |
_bMcgraw Hill, _c1998 |
||
| 300 | _a400 | ||
| 505 | 0 | _aThe Practice of Management Series, The Craft of General Management, The Human Dilemmas of Leadership, Managers and Leaders: Are They Different?, Managing People and Organizations, What Leaders Really Do, Leading Change, Speed and Simplicity and Self-Confidence: An Interview with Jack Welch, In Praise of Followers, Virtual OB, Leadership, Acme Axle, AVS Corporation, Burger World, Heavenly Haze, Pittcon Hose, From Transactional to Transformational Leadership, Substitutes for Leadership, Power, Power and Organizational Politics, D-Lite Salads, Whio Gets Power - and How They Hold on to It, Total Quality Management, Total Quality Management: Implications for Managing, Index. | |
| 520 | _aThe Practice of Management Series, The Craft of General Management, The Human Dilemmas of Leadership, Managers and Leaders: Are They Different?, Managing People and Organizations, What Leaders Really Do, Leading Change, Speed and Simplicity and Self-Confidence: An Interview with Jack Welch, In Praise of Followers, Virtual OB, Leadership, Acme Axle, AVS Corporation, Burger World, Heavenly Haze, Pittcon Hose, From Transactional to Transformational Leadership, Substitutes for Leadership, Power, Power and Organizational Politics, D-Lite Salads, Whio Gets Power - and How They Hold on to It, Total Quality Management, Total Quality Management: Implications for Managing, Index. | ||
| 700 | 1 |
_aDaig Bart _9956 |
|
| 942 | _cBK | ||
| 999 |
_c706 _d706 |
||